000 00408cam a22001217a 4500
008 180718b1968 xxu||||| |||| 00| 0 eng d
082 _aA81x54 In2/61/Vol 9/Pt 6-30
100 _aCensus of India 1961
245 _aMadras: village survey monographs, Thiruvalayayanllur
260 _aDelhi
_bThe Manager of Publications
_c1968
300 _a202+p.
440 _aCensus of India 1961. Volume IX, Madras. Part VI-30
999 _c484292
_d484292